000
00225nam a22000857a 4500
008
160915b xxu||||| |||| 00| 0 eng d
100
_9
537
_a
Malhotra.S.etal
245
_a
Mathematics-8
260
_a
New Delhi
_b
Frank Publications
_c
2012
999
_c
3194
_d
3194